Bagnères-de-Luchon - Choix multiples - Statistiques

Statistiques générales
  • Ce quiz a été pris 26 fois
    22 depuis la dernière actualisation
  • Le résultat moyen est 7 sur 10
Statistiques - réponses
Question Réponse % Correct
Bagnères-de-Luchon est au cœur de quel massif montagneux ? Les Pyrénées
100%
Comment s'appellent les habitants de Bagnères-de-Luchon ? Les Luchonnais et Luchonnaises
93%
Quel facteur a principalement contribué au développement de Bagnères-de-Luchon ? Le thermalisme.
93%
Quelle station de ski est accessible par télécabine depuis le centre-ville ? Superbagnères
80%
Dans quel département de France se situe Bagnères-de-Luchon ? Haute-Garonne
67%
Réouverte en 2025, avec quelle ville Bagnères-de-Luchon est-elle reliée par une ligne de chemin de fer ? Montréjeau
67%
Quelle photo correspond à la ville de Luchon ?
47%
Quelle commune n'est pas frontalière de Bagnères-de-Luchon ? Gouaux-de-Luchon
47%
Quel fleuve ou rivière ne passe pas dans la commune de Luchon ? La Garonne
47%
La commune de Bagnères-de-Luchon est frontalière à deux régions espagnoles. Quelles sont-elles ? Aragon et Catalogne
40%
Aucun quiz correspondant
Distribution des résultats
% des personnes avec chaque résultat
Percentile par nombre de réponses
Votre historique - résultats
Vous n’avez pas pris ce quiz depuis la dernière actualisation